[Event "FIDE World Rapid Team"]
[Site "London ENG"]
[Date "2025.06.12"]
[Round "8.5"]
[White "Dishman, Matthew"]
[Black "Sovetbekova, Nurai"]
[Result "1/2-1/2"]
[BlackTitle "WFM"]
[WhiteElo "1978"]
[BlackElo "2007"]
[WhiteTeam "Sassy Seniors"]
[BlackTeam "Noval Group Kyrgyzstan"]
[WhiteFideId "438642"]
[BlackFideId "13801910"]
[EventDate "2025.06.11"]
[EventType "team"]

1. e4 c5 2. c4 Nc6 3. Ne2 g6 4. d4 cxd4 5. Nxd4 Bg7 6. Be3 Nf6 7. Nc3 O-O 8. Be2
d6 9. O-O Bd7 10. Qd2 Ng4 11. Nxc6 bxc6 12. Bg5 Rb8 13. Rab1 Re8 14. h3 Nf6 15.
f4 Qb6+ 16. Kh1 Rbd8 17. Bh4 Bc8 18. Bf2 Qc7 19. Qe3 e5 20. fxe5 Rxe5 21. Bg3
Re6 22. c5 Qa5 23. Bxd6 Nd5 24. Nxd5 cxd5 25. Qg3 Qd2 26. Bg4 Rxe4 27. Bxc8 Rxc8
28. Qf3 f5 29. Rfd1 Qe2 30. Qb3 Qc4 31. Qxc4 dxc4 32. b4 c3 33. Rdc1 Re2 34. b5
c2 35. Rb3 Bh6 36. Rxc2 Rxc2 37. b6 axb6 38. cxb6 Bf8 39. Be5 Bg7 40. Bd6 Bf8
41. Be5 Bg7 42. Bd6 Bf8 43. Be5 1/2-1/2

[Event "FIDE World Rapid Team"]
[Site "London ENG"]
[Date "2025.06.12"]
[Round "8.6"]
[White "Zhunusbekova, Aimonchok"]
[Black "Regan, Natasha K"]
[Result "1-0"]
[BlackTitle "WIM"]
[WhiteElo "1890"]
[BlackElo "2064"]
[WhiteTeam "Noval Group Kyrgyzstan"]
[BlackTeam "Sassy Seniors"]
[WhiteFideId "13810251"]
[BlackFideId "403067"]
[EventDate "2025.06.11"]
[EventType "team"]

1. e4 e5 2. Nc3 Nf6 3. d4 exd4 4. Qxd4 Nc6 5. Qd3 Nb4 6. Qe2 b6 7. Bg5 Ba6 8.
Qd2 Bxf1 9. Kxf1 h6 10. Bh4 g5 11. Bg3 Nc6 12. Nd5 Nxd5 13. exd5 Ne7 14. Qc3 Rg8
15. Bxc7 Qc8 16. Re1 Bg7 17. Qe3 Bf6 18. Bd6 Qc4+ 19. Re2 O-O-O 20. Bxe7 Bxe7
21. Qxe7 Qxa2 22. Qa3 Qxd5 23. Qxa7 Rge8 24. Qa6+ Kc7 25. Qd3 Qa2 26. Qc3+ Kb7
27. Nf3 g4 28. Ne1 Qa6 29. Qd3 Qa2 30. Rxe8 Rxe8 31. Qxd7+ 1-0

[Event "FIDE World Rapid Team"]
[Site "London ENG"]
[Date "2025.06.12"]
[Round "8.1"]
[White "Khoury, Theo"]
[Black "Eren, Ataberk"]
[Result "0-1"]
[WhiteTitle "CM"]
[BlackTitle "IM"]
[WhiteElo "2209"]
[BlackElo "2423"]
[WhiteTeam "Chess Trust Accelerators"]
[BlackTeam "Satranc Istanbul"]
[WhiteFideId "480703"]
[BlackFideId "6349765"]
[EventDate "2025.06.11"]
[EventType "team"]

1. e4 e6 2. d4 d5 3. Nc3 Nf6 4. e5 Nfd7 5. f4 c5 6. Nf3 Nc6 7. Be3 Be7 8. Qd2
O-O 9. dxc5 Qa5 10. a3 a6 11. h4 f6 12. exf6 Bxf6 13. Nd4 Re8 14. O-O-O Nxc5 15.
h5 Bd7 16. g4 Rac8 17. g5 Bxd4 18. Bxd4 Na4 19. Nxa4 Qxa4 20. Bc3 d4 21. h6 Re7
22. hxg7 dxc3 23. Qh2 cxb2+ 24. Kxb2 Rxg7 25. Bd3 Nd4 26. Bxh7+ Kf8 27. Bd3 Ke7
28. f5 Rxg5 29. f6+ Kd8 30. Qd6 Rxc2+ 31. Ka1 Ra2+ 32. Kxa2 Qb3+ 33. Ka1 Qc3+
34. Kb1 Rb5+ 0-1

[Event "FIDE World Rapid Team"]
[Site "London ENG"]
[Date "2025.06.12"]
[Round "8.2"]
[White "Makaraci, Tunahan"]
[Black "Verbytski, Oleg"]
[Result "1-0"]
[WhiteTitle "FM"]
[WhiteElo "2233"]
[BlackElo "1994"]
[WhiteTeam "Satranc Istanbul"]
[BlackTeam "Chess Trust Accelerators"]
[WhiteFideId "6356559"]
[BlackFideId "495506"]
[EventDate "2025.06.11"]
[EventType "team"]

1. e4 c5 2. c3 Nf6 3. e5 Nd5 4. Nf3 Nc6 5. Bc4 Nb6 6. Bb3 d6 7. exd6 Qxd6 8. O-O
Bg4 9. Bxf7+ Kxf7 10. Ng5+ Kg8 11. Qxg4 h6 12. Qe6+ Qxe6 13. Nxe6 Nd7 14. d4
cxd4 15. Nxd4 Nxd4 16. cxd4 e5 17. Be3 Kf7 18. Nc3 exd4 19. Bxd4 Bc5 20. Rad1
Rad8 21. Ne4 Bxd4 22. Rxd4 Ne5 23. Rfd1 Rxd4 24. Rxd4 Ke7 25. f4 Nc6 26. Rd2 b6
27. Kf2 Rd8 28. Rxd8 Nxd8 29. Ke3 Ke6 30. Nc3 Nc6 31. Nb5 Kf6 32. Ke4 a6 33. Nc7
a5 34. Nd5+ Ke6 35. Nxb6 Nb4 36. a3 Nc6 37. Nc4 h5 38. g3 a4 39. Nb6 Na5 40.
Nxa4 Nc4 41. Kd4 Nd6 42. Nc5+ Ke7 43. Ne4 Nf5+ 44. Kc5 g6 45. a4 Kd7 46. a5 Kc7
47. b4 Kb8 48. a6 Ka7 49. b5 g5 50. fxg5 h4 51. g6 h3 52. Ng5 Ng7 53. Kc6 Kb8
54. b6 Ne6 55. Nxe6 Ka8 56. g7 Kb8 57. g8=R# 1-0

[Event "FIDE World Rapid Team"]
[Site "London ENG"]
[Date "2025.06.12"]
[Round "8.3"]
[White "Dicen, Elis Denele"]
[Black "Eken, Atakan"]
[Result "1-0"]
[WhiteTitle "WFM"]
[WhiteElo "2136"]
[BlackElo "2010"]
[WhiteTeam "Chess Trust Accelerators"]
[BlackTeam "Satranc Istanbul"]
[WhiteFideId "462560"]
[BlackFideId "6375626"]
[EventDate "2025.06.11"]
[EventType "team"]

1. d4 Nf6 2. Bf4 b6 3. e3 Bb7 4. Nf3 g6 5. c4 Bg7 6. Nc3 d6 7. Be2 O-O 8. h3
Nbd7 9. O-O Qe8 10. Bh2 e5 11. Nb5 Qe7 12. Nxc7 Rac8 13. Nb5 Bxf3 14. Bxf3 Rxc4
15. Be2 Rcc8 16. Nxa7 Ra8 17. Nb5 Rfc8 18. a3 d5 19. Rc1 Ne4 20. Nc7 Rab8 21.
Nxd5 Qd6 22. Nb4 Qe6 23. Rxc8+ Rxc8 24. Bf3 Ng5 25. Bd5 Qe7 26. dxe5 Bxe5 27. f4
Nxh3+ 28. gxh3 Bxb2 29. Qd2 Bxa3 30. Nc6 Qf6 31. Ne5 Nxe5 32. fxe5 Qg5+ 33. Kh1
Bc5 34. Bxf7+ Kg7 35. Be6 Rd8 36. Qf2 Bxe3 37. Qf3 Qe7 38. Bf7 Bg5 39. Bc4 Bh4
40. e6 Bf6 41. Rd1 Rxd1+ 42. Qxd1 Qc5 43. Qd7+ Kh6 44. Qd2+ Kg7 45. Qd3 Qf2 46.
Bg1 Qe1 47. Kg2 Qb4 48. Bd4 Bxd4 49. Qxd4+ Kh6 50. Qf4+ Kg7 51. Qf7+ Kh6 52. Be2
Qe4+ 53. Bf3 Qc2+ 54. Kg3 Qc1 55. Qf8+ Kg5 56. h4# 1-0

[Event "FIDE World Rapid Team"]
[Site "London ENG"]
[Date "2025.06.12"]
[Round "8.4"]
[White "Tahaoglu, Ugur Barkin"]
[Black "Zhao, George"]
[Result "1-0"]
[BlackTitle "CM"]
[WhiteElo "2015"]
[BlackElo "2124"]
[WhiteTeam "Satranc Istanbul"]
[BlackTeam "Chess Trust Accelerators"]
[WhiteFideId "6303331"]
[BlackFideId "494607"]
[EventDate "2025.06.11"]
[EventType "team"]

1. d4 e6 2. Nf3 Nf6 3. Bg5 c5 4. e3 Nc6 5. Nbd2 d5 6. c3 Bd7 7. Bd3 Be7 8. Ne5
h6 9. Bxf6 Bxf6 10. f4 cxd4 11. exd4 Bxe5 12. fxe5 Qb6 13. Rb1 O-O 14. Qe2 f6
15. Nf3 fxe5 16. Nxe5 Nxe5 17. Qxe5 Rf6 18. Rf1 Raf8 19. Rxf6 Rxf6 20. Qb8+ Kf7
21. Qg3 Kg8 22. Kd2 Qa5 23. Qb8+ Rf8 24. Bh7+ Kf7 25. Rf1+ Ke7 26. Qxf8# 1-0

[Event "FIDE World Rapid Team"]
[Site "London ENG"]
[Date "2025.06.12"]
[Round "8.5"]
[White "Volovich, Julia"]
[Black "Kalender, Murat Emre"]
[Result "1-0"]
[WhiteElo "1945"]
[BlackElo "1782"]
[WhiteTeam "Chess Trust Accelerators"]
[BlackTeam "Satranc Istanbul"]
[WhiteFideId "447099"]
[BlackFideId "34531815"]
[EventDate "2025.06.11"]
[EventType "team"]

1. d4 d5 2. c4 e6 3. Nc3 c5 4. cxd5 exd5 5. Nf3 Nf6 6. g3 Nc6 7. Bg2 cxd4 8.
Nxd4 Bc5 9. Nb3 Bb6 10. O-O d4 11. Na4 O-O 12. Nxb6 axb6 13. Bxc6 bxc6 14. Qxd4
Qxd4 15. Nxd4 Bh3 16. Re1 c5 17. Nc2 Rfe8 18. b4 Ne4 19. bxc5 bxc5 20. f3 Nc3
21. Kf2 Rxa2 22. Rxa2 Nxa2 23. Ba3 c4 24. g4 f5 25. Kg3 fxg4 26. fxg4 Nc3 27. e3
Bxg4 28. Kxg4 Re4+ 29. Kf3 Rh4 30. Kg3 Rh6 31. e4 Rg6+ 32. Kf2 Rh6 33. Kg2 Rg6+
34. Kh1 Nb5 35. Bb4 Kf7 36. e5 Ke6 37. Re4 Rg5 38. Rxc4 Rxe5 39. Rc6+ Kf5 40.
Rc5 Rxc5 41. Bxc5 Nc3 42. Bd4 Ne4 43. Bxg7 Kf4 44. Bh6+ Kf3 45. Kg1 Nf6 46. Nd4+
Ke4 47. Ne6 Ng4 48. Bc1 Nxh2 49. Kxh2 Kf5 50. Ng5 Kg6 51. Kh3 h6 52. Nf3 h5 53.
Kh4 Kf5 54. Ng5 Ke5 55. Kxh5 Kd4 56. Kg4 Ke5 57. Bb2+ Kd5 58. Kf5 Kc4 59. Be5
Kd5 60. Bf4 Kd4 61. Ne6+ Kd5 62. Nc7+ Kd4 63. Be5+ Kc5 64. Ke4 Kc4 65. Ne6 Kb5
66. Kd3 Kc6 67. Kc4 Kd7 68. Kd5 Kc8 69. Bf6 Kd7 70. Bg5 Kc8 71. Kc6 Kb8 72. Nc5
Ka7 73. Ne6 Kb8 74. Nc7 Ka7 75. Nd5 Kb8 76. Nb6 Ka7 77. Bf4 Ka6 78. Bb8 Ka5 79.
Nd5 Ka6 80. Nb4+ Ka5 81. Kc5 Ka4 82. Kc4 Ka5 83. Bc7+ Ka4 84. Bd8 Ka3 85. Nd3
Ka4 86. Nb2+ Ka3 87. Kc3 Ka2 88. Kc2 Ka3 89. Be7+ Ka2 90. Nc4 Ka1 91. Ne5 Ka2
92. Nd3 Ka1 93. Bd6 Ka2 94. Nc1+ Ka1 95. Be5# 1-0

[Event "FIDE World Rapid Team"]
[Site "London ENG"]
[Date "2025.06.12"]
[Round "8.6"]
[White "Demir, Aleyna"]
[Black "Kendall, Arthur"]
[Result "0-1"]
[WhiteElo "1651"]
[BlackElo "1883"]
[WhiteTeam "Satranc Istanbul"]
[BlackTeam "Chess Trust Accelerators"]
[WhiteFideId "6378323"]
[BlackFideId "343410960"]
[EventDate "2025.06.11"]
[EventType "team"]

1. e4 e6 2. d4 d5 3. exd5 exd5 4. c4 Bb4+ 5. Nc3 Nf6 6. Nf3 O-O 7. Be2 Bg4 8.
O-O Re8 9. Bg5 Nbd7 10. Nxd5 Be7 11. Nxe7+ Qxe7 12. Re1 Qb4 13. Qd2 Qb6 14. Be3
Ne4 15. Qc2 Qf6 16. d5 Bf5 17. Bd3 Bg6 18. Bd4 Qf4 19. Rad1 Ndc5 20. Be3 Qg4 21.
Bxc5 Nxc5 22. Bxg6 hxg6 23. Ne5 Qg5 24. Qc3 Qf6 25. Qd4 Nd7 26. Nf3 Qb6 27. Qg4
Nf6 28. Qd4 Nd7 29. Qc3 Nc5 30. Nd4 Na4 31. Qc2 Rxe1+ 32. Rxe1 Qxd4 33. Qxa4
Qxb2 34. h3 Qd4 35. Re8+ Rxe8 36. Qxe8+ Kh7 37. Qxf7 Qxc4 38. Qd7 Qxa2 39. Qxc7
Qxd5 40. Qg3 a5 41. Qh4+ Qh5 42. Qe4 b5 43. g4 Qxh3 44. Qe6 a4 45. Qe2 b4 46.
Qc4 Qc3 47. Qf4 a3 48. Qh2+ Kg8 49. Qb8+ Kf7 50. Qb7+ Ke6 51. Qb6+ Kd5 52. Qb7+
Kc4 53. Qf7+ Kb5 54. Qb7+ Ka4 55. Qd7+ Kb3 56. Qe6+ Kb2 57. Qe2+ Ka1 58. Qd1+
Ka2 59. Qe2+ Qb2 60. Qe6+ b3 61. Qxg6 Qb1+ 62. Qxb1+ Kxb1 0-1

[Event "FIDE World Rapid Team"]
[Site "London ENG"]
[Date "2025.06.12"]
[Round "8.1"]
[White "Skytte, Rasmus"]
[Black "Grahn, Vidar"]
[Result "1-0"]
[WhiteTitle "IM"]
[BlackTitle "FM"]
[WhiteElo "2367"]
[BlackElo "2239"]
[WhiteTeam "Danish Futures"]
[BlackTeam "Uppsala SSS"]
[WhiteFideId "1404210"]
[BlackFideId "1744780"]
[EventDate "2025.06.11"]
[EventType "team"]

1. Nf3 d5 2. c4 e6 3. g3 Nf6 4. Bg2 Be7 5. O-O O-O 6. b3 b6 7. cxd5 exd5 8. Bb2
Bb7 9. d4 Re8 10. Nbd2 Ne4 11. Rc1 Bf6 12. Ne5 Na6 13. Nxe4 dxe4 14. Qc2 Qd5 15.
Rfd1 Nb4 16. Qb1 Rac8 17. a3 Na6 18. b4 Nb8 19. e3 Nd7 20. Bh3 Rcd8 21. Nxd7
Rxd7 22. Bxd7 Qxd7 23. d5 Bxb2 24. Qxb2 Bxd5 25. Qd4 c6 26. b5 Qe6 27. bxc6 Bxc6
28. Qd6 Qxd6 29. Rxd6 Bb5 30. Rc7 Be2 31. Rxa7 Rc8 32. Rc7 Ra8 33. Rcd7 1-0

[Event "FIDE World Rapid Team"]
[Site "London ENG"]
[Date "2025.06.12"]
[Round "8.2"]
[White "Strom-Engdahl, Alexander"]
[Black "Kistrup, Nicolai"]
[Result "1-0"]
[WhiteTitle "FM"]
[BlackTitle "IM"]
[WhiteElo "2320"]
[BlackElo "2381"]
[WhiteTeam "Uppsala SSS"]
[BlackTeam "Danish Futures"]
[WhiteFideId "1741586"]
[BlackFideId "1444816"]
[EventDate "2025.06.11"]
[EventType "team"]

1. Nf3 Nf6 2. c4 c5 3. b3 d5 4. e3 d4 5. exd4 cxd4 6. d3 Nc6 7. g3 e5 8. Bg2
Bb4+ 9. Bd2 a5 10. O-O O-O 11. a3 Bc5 12. Bg5 h6 13. Bxf6 Qxf6 14. Nbd2 Bf5 15.
Ne1 Qe7 16. Qc1 Bg6 17. Ne4 Ba7 18. g4 Nd8 19. b4 Ne6 20. Qd2 Nf4 21. Ng3 Qg5
22. Qd1 f5 23. gxf5 Bxf5 24. Qf3 Bxd3 25. Nxd3 Nh3+ 26. Kh1 Rxf3 27. Bxf3 Rf8
28. Bd5+ Kh8 29. f3 Qe3 30. Be4 Nf4 31. Rad1 Nxd3 32. Rxd3 Qf4 33. Rg1 g5 34. c5
Qf7 35. Nf5 Qe6 36. Nd6 b6 37. Nb5 bxc5 38. Nxa7 c4 39. Rdd1 axb4 40. axb4 d3
41. Nc6 Qd6 42. b5 Qc5 43. Rb1 Qb6 44. Nxe5 Rc8 45. Nc6 d2 46. Nb4 Qxb5 47. Nc2
Qe5 48. Rb6 Rd8 49. Rxh6+ Kg7 50. Rg6+ Kf7 51. Ne3 Qf4 52. Nd1 Rh8 53. Rg2 Rh5
54. Rc6 g4 55. Bg6+ Ke7 56. Bxh5 Qxf3 57. Re6+ Kd8 58. Bxg4 Qf4 59. Ree2 c3 60.
Nxc3 Qf1+ 61. Rg1 Qc1 62. Re3 Qc2 63. Rd1 Kc7 64. Nb1 Kb6 65. Nxd2 Kc5 66. Rc3+
Kd5 1-0

[Event "FIDE World Rapid Team"]
[Site "London ENG"]
[Date "2025.06.12"]
[Round "8.3"]
[White "Nilssen, Ellen Fredericia"]
[Black "Frank, Anton"]
[Result "1/2-1/2"]
[WhiteTitle "WIM"]
[BlackTitle "CM"]
[WhiteElo "2160"]
[BlackElo "2183"]
[WhiteTeam "Danish Futures"]
[BlackTeam "Uppsala SSS"]
[WhiteFideId "1441230"]
[BlackFideId "1752383"]
[EventDate "2025.06.11"]
[EventType "team"]

1. d4 Nf6 2. c4 e6 3. Nc3 Bb4 4. e3 O-O 5. Bd2 c5 6. a3 Bxc3 7. Bxc3 Ne4 8. Rc1
b6 9. Be2 Bb7 10. Bf3 Nxc3 11. Rxc3 Bxf3 12. Nxf3 cxd4 13. Qxd4 Nc6 14. Qd6 Qe7
15. Qxe7 Nxe7 16. Ke2 d5 17. cxd5 Nxd5 18. Rc6 Rac8 19. Rhc1 Rxc6 20. Rxc6 Rd8
21. Nd4 Kf8 22. Nb5 a6 23. Nc7 Nxc7 24. Rxc7 Rd6 25. Rb7 g5 26. e4 Kg7 27. Ke3
b5 28. Ra7 e5 29. h3 h5 30. g3 Kg6 31. f4 gxf4+ 32. gxf4 exf4+ 33. Kxf4 f6 34.
h4 Rc6 35. b4 Rd6 36. Ra8 Rc6 37. Ra7 Rd6 38. Ke3 Kh6 39. Ra8 Kg6 40. Rc8 Kf7
41. Rc7+ Kg6 42. Ra7 1/2-1/2

[Event "FIDE World Rapid Team"]
[Site "London ENG"]
[Date "2025.06.12"]
[Round "8.4"]
[White "Nilsson, Oliver"]
[Black "Skytte, Robert"]
[Result "1-0"]
[BlackTitle "CM"]
[WhiteElo "2129"]
[BlackElo "2015"]
[WhiteTeam "Uppsala SSS"]
[BlackTeam "Danish Futures"]
[WhiteFideId "1730177"]
[BlackFideId "1471775"]
[EventDate "2025.06.11"]
[EventType "team"]

1. e4 c5 2. Nc3 Nc6 3. Bb5 Nd4 4. Nf3 a6 5. Bd3 g6 6. b4 Nxf3+ 7. Qxf3 cxb4 8.
Nd5 Bg7 9. Rb1 e6 10. Ne3 Ne7 11. Rxb4 Nc6 12. Rb1 Ne5 13. Qg3 Nxd3+ 14. cxd3
O-O 15. Nc4 b5 16. Nd6 f5 17. e5 f4 18. Qf3 Ra7 19. d4 Qb6 20. Nxc8 Rxc8 21.
Qxf4 Rac7 22. O-O Rc4 23. Bb2 Qa5 24. d3 Rc2 25. a3 Qd2 26. Qxd2 Rxd2 27. Rfd1
Rcc2 28. Rxd2 Rxd2 29. d5 Rxd3 30. d6 Kf7 31. f4 Bh6 32. h4 Rd2 33. g3 Rc2 34.
Bd4 Bg7 35. g4 Rc4 36. Rd1 h6 37. g5 Ke8 38. Kf2 Kd8 39. Ke3 Kc8 40. Rd3 Kb7 41.
Ke4 h5 42. Rc3 Rxc3 43. Bxc3 Kc6 44. Kd4 Kb6 45. Bd2 Bf8 46. Be3 Kc6 47. Bd2 Kb7
48. Kc5 Bg7 49. Ba5 Bf8 50. Bd8 Bg7 51. Bf6 Bf8 52. Bh8 Ka7 53. Bf6 Kb7 54. Bd8
Bg7 55. Be7 Ka7 56. Bf6 Bf8 57. f5 gxf5 58. g6 f4 59. Kd4 a5 60. g7 Bxg7 61.
Bxg7 f3 62. Kd3 f2 63. Ke2 b4 64. axb4 a4 65. Bh6 Kb6 66. Be3+ Kb5 67. Bd4 Kxb4
68. Kxf2 Kc4 69. Ba1 Kd5 1-0

[Event "FIDE World Rapid Team"]
[Site "London ENG"]
[Date "2025.06.12"]
[Round "8.5"]
[White "Derlich, Sarah Sima"]
[Black "Ostensson, Julia"]
[Result "0-1"]
[WhiteTitle "WCM"]
[WhiteElo "1926"]
[BlackElo "1996"]
[WhiteTeam "Danish Futures"]
[BlackTeam "Uppsala SSS"]
[WhiteFideId "1469290"]
[BlackFideId "1747703"]
[EventDate "2025.06.11"]
[EventType "team"]

1. e4 d6 2. d4 Nf6 3. Nc3 Nbd7 4. Nf3 e5 5. Bc4 Be7 6. O-O c6 7. a4 Qc7 8. Be3
O-O 9. h3 b6 10. Qe2 a6 11. Rfd1 Bb7 12. Bg5 b5 13. Bd3 Rfe8 14. a5 exd4 15.
Nxd4 c5 16. Ndxb5 axb5 17. Bxb5 h6 18. Bxf6 Bxf6 19. a6 Bc6 20. Bd3 Bxc3 21.
bxc3 d5 22. Qd2 dxe4 23. Bc4 Ne5 24. Bb3 c4 25. Ba4 Rxa6 26. Bxc6 Rxc6 0-1

[Event "FIDE World Rapid Team"]
[Site "London ENG"]
[Date "2025.06.12"]
[Round "8.6"]
[White "Morell, Edvin"]
[Black "Andries, Leia"]
[Result "1/2-1/2"]
[WhiteElo "1944"]
[BlackElo "1830"]
[WhiteTeam "Uppsala SSS"]
[BlackTeam "Danish Futures"]
[WhiteFideId "1722050"]
[BlackFideId "1469207"]
[EventDate "2025.06.11"]
[EventType "team"]

1. e4 c5 2. Nf3 Nc6 3. d4 cxd4 4. Nxd4 Nf6 5. Nc3 e6 6. a3 Be7 7. Be3 d5 8. exd5
Nxd5 9. Nxc6 bxc6 10. Bd4 O-O 11. Bd3 Bf6 12. Be4 Ba6 13. Na4 Qa5+ 14. c3 Bxd4
15. Qxd4 Rad8 16. Nc5 Nf6 17. Qb4 Qb5 18. Qxb5 Bxb5 19. Bf3 Nd5 20. a4 Bc4 21.
b3 Bxb3 22. Nxb3 Nxc3 23. Bxc6 Rb8 24. Nd2 Rfd8 25. Ne4 Nd5 26. O-O Rbc8 27. Bb5
Rc2 28. Rfc1 Rb2 29. Rcb1 Rc2 30. Bd3 Rc7 31. g3 Nb6 32. Bb5 Nd5 33. Rc1 Re7 34.
Nd6 h6 35. Rc8 Rxc8 36. Nxc8 Rc7 37. Nd6 Nc3 38. Kg2 Kf8 39. Bd3 Nd5 40. Nb5 Rd7
41. Rc1 Nb6 42. Bc2 Nd5 43. Rd1 Rb7 44. Be4 Rd7 45. Nc3 Nb6 46. Rxd7 Nxd7 47. a5
Nc5 48. Bc6 Ke7 49. Kf3 Kd6 50. Ba8 a6 51. Ne4+ Nxe4 52. Bxe4 Kc5 53. Bd3 Kb4
54. Bxa6 Kxa5 55. Bd3 Kb4 56. Kf4 Kc5 57. Ke5 Kc6 58. g4 Kd7 59. h4 f6+ 60. Kf4
Kd6 61. Be4 g5+ 62. hxg5 hxg5+ 63. Ke3 Ke5 64. Bg6 f5 65. gxf5 exf5 66. Kf3 Kf6
67. Bh7 Ke5 68. Ke3 g4 69. Bg6 Kf6 70. Be8 Kg5 71. Bd7 f4+ 72. Ke2 Kh4 73. Kf1
f3 74. Kg1 g3 75. fxg3+ Kxg3 76. Kf1 f2 77. Bc6 Kh2 78. Kxf2 1/2-1/2

[Event "FIDE World Rapid Team"]
[Site "London ENG"]
[Date "2025.06.12"]
[Round "8.1"]
[White "Cancedda-Dupuis, Livio"]
[Black "O'Gorman, Tom"]
[Result "1-0"]
[BlackTitle "IM"]
[WhiteElo "2053"]
[BlackElo "2379"]
[WhiteTeam "The London Legends"]
[BlackTeam "Oxbridge"]
[WhiteFideId "499447"]
[BlackFideId "2508249"]
[EventDate "2025.06.11"]
[EventType "team"]

1. d4 d5 2. c4 e6 3. Nc3 Nf6 4. Nf3 Be7 5. cxd5 exd5 6. Bg5 c6 7. e3 O-O 8. Bd3
Re8 9. O-O Nbd7 10. Qc2 h6 11. Bh4 Ne4 12. Bxe4 Bxh4 13. Bh7+ Kf8 14. Bf5 Be7
15. Rae1 Nf6 16. Ne5 Bd6 17. f4 Bxf5 18. Qxf5 Qc8 19. Qd3 Bb4 20. Rc1 Qe6 21.
Ne2 Ne4 22. Qb3 a5 23. a3 Bd2 24. Rc2 f6 25. f5 Qc8 26. Ng6+ Kg8 27. Qd3 Be1 28.
Rxe1 Qxf5 29. Nef4 Nd6 30. Nh4 Qd7 31. Nf3 Re7 32. Rce2 Rae8 33. Nd2 Qf5 34.
Qxf5 Nxf5 35. Kf2 Kf7 36. Nd3 h5 37. Nc5 g5 38. Ncb3 Ra8 39. e4 dxe4 40. Nxe4 a4
41. Nd6+ Kf8 42. Nxf5 Rxe2+ 43. Rxe2 axb3 44. Re3 Ra5 45. Ng3 h4 46. Ne4 f5 47.
Nxg5 f4 48. Ne6+ Kf7 49. Nxf4 Rf5 50. Kf3 1-0

[Event "FIDE World Rapid Team"]
[Site "London ENG"]
[Date "2025.06.12"]
[Round "8.2"]
[White "Goh, Jinghan Cameron"]
[Black "Bryant, Harry"]
[Result "1-0"]
[WhiteElo "2178"]
[BlackElo "2062"]
[WhiteTeam "Oxbridge"]
[BlackTeam "The London Legends"]
[WhiteFideId "5804540"]
[BlackFideId "489158"]
[EventDate "2025.06.11"]
[EventType "team"]

1. d4 Nf6 2. c4 g6 3. g3 Bg7 4. Bg2 O-O 5. Nc3 d6 6. Nf3 Nbd7 7. O-O e5 8. e4
exd4 9. Nxd4 Re8 10. h3 Nc5 11. Re1 h6 12. b4 Ne6 13. Be3 a5 14. a3 Nd7 15. Nxe6
Rxe6 16. Qb3 c6 17. Rad1 Qf6 18. Bd4 Qg5 19. Ne2 c5 20. Bxg7 Kxg7 21. Nf4 Re8
22. b5 Qe5 23. Nd5 Nf8 24. f4 a4 25. Qc2 Qe6 26. Qc3+ f6 27. Nc7 Qd7 28. Nxa8
Qd8 29. b6 Bxh3 30. Nc7 Qxc7 31. bxc7 Bf5 32. exf5 Re2 33. Rxe2 Ne6 34. Rxe6
gxf5 35. Qxf6+ Kh7 36. Qf7+ Kh8 37. Re8# 1-0

[Event "FIDE World Rapid Team"]
[Site "London ENG"]
[Date "2025.06.12"]
[Round "8.3"]
[White "Dasgupta, Avyukt"]
[Black "Gallagher, Daniel GH"]
[Result "1-0"]
[WhiteElo "2125"]
[BlackElo "2251"]
[WhiteTeam "The London Legends"]
[BlackTeam "Oxbridge"]
[WhiteFideId "480630"]
[BlackFideId "436550"]
[EventDate "2025.06.11"]
[EventType "team"]

1. d4 Nf6 2. Bg5 d5 3. e3 c5 4. Bxf6 gxf6 5. dxc5 e6 6. Nf3 Bxc5 7. Be2 O-O 8.
O-O Nc6 9. c4 dxc4 10. Qa4 Qe7 11. Qxc4 b6 12. Nc3 Bb7 13. Qh4 f5 14. Ng5 f6 15.
Nxe6 Ne5 16. Bc4 Nxc4 17. Qxc4 Qf7 18. Qb3 Rfc8 19. Nxc5 Rxc5 20. Qxf7+ Kxf7 21.
Rfd1 Ke7 22. Rd4 Rg8 23. g3 Bf3 24. Rf4 Bc6 25. Rd1 Rg4 26. Rdd4 h5 27. h3 Rxf4
28. Rxf4 a5 29. f3 Ke6 30. Kf2 Be8 31. h4 b5 32. a3 Rc8 33. Ke2 Rb8 34. Kd2 b4
35. axb4 axb4 36. Ne2 Ke5 37. Nd4 Bd7 38. Nc2 b3 39. Rb4 Rg8 40. Rxb3 Rxg3 41.
Ne1 Bc6 42. Ke2 Rh3 43. Rb6 Rh2+ 44. Kf1 Kd6 45. Rb4 Rh1+ 46. Kf2 Rh2+ 47. Kg3
Re2 48. Ng2 Ke5 49. Rb6 Bd5 50. f4+ Ke4 51. Rb4+ Kd3 52. Rd4+ 1-0

[Event "FIDE World Rapid Team"]
[Site "London ENG"]
[Date "2025.06.12"]
[Round "8.4"]
[White "Rushbrooke, Remy"]
[Black "Patel, Zain"]
[Result "0-1"]
[WhiteElo "2090"]
[BlackElo "2045"]
[WhiteTeam "Oxbridge"]
[BlackTeam "The London Legends"]
[WhiteFideId "443590"]
[BlackFideId "469246"]
[EventDate "2025.06.11"]
[EventType "team"]

1. Nf3 Nf6 2. g3 b6 3. Bg2 Bb7 4. c4 e6 5. O-O c5 6. Nc3 Be7 7. d4 cxd4 8. Qxd4
O-O 9. b3 d6 10. Bb2 Nc6 11. Qd2 Rc8 12. Nd4 Qd7 13. e4 Rfd8 14. Rad1 h6 15. h3
Nh7 16. Nc2 Qc7 17. Ne3 a6 18. Ncd5 exd5 19. Nxd5 Qb8 20. Nxb6 Rc7 21. Nd5 Rcd7
22. Qe2 Ne5 23. f4 Ng6 24. Nb6 Rc7 25. Bd4 Bf6 26. Bf2 Bc6 27. Rd3 Rb7 28. Nd5
Bxd5 29. Rxd5 Ne7 30. Rd3 Rbd7 31. Rfd1 Qc7 32. h4 Nc6 33. Qg4 Nb4 34. R3d2 Bc3
35. Re2 Nf6 36. Qf3 Be5 37. fxe5 dxe5 38. Rxd7 Rxd7 39. Qc3 Rd1+ 40. Re1 Nxa2
41. Qb2 Rxe1+ 42. Bxe1 Nb4 43. Bxb4 Qb6+ 44. c5 Qxb4 45. Qc2 Qe1+ 46. Kh2 Ng4+
47. Kh3 Nf2+ 48. Kh2 Ng4+ 49. Kh3 h5 50. Bf3 Qg1 51. Bxg4 Qh1+ 0-1